000 00670nam a2200253Ia 4500
003 OSt
005 20220912145636.0
006 a|||||r|||| 00| 0
007 ta
008 220909b |||||||| |||| 00| 0 eng d
024 _a72176
037 _b1474, 07/09/2009, Educational Book Agency (India)
037 _cTextual
040 _aCSL
_beng
_cCSL
041 _aeng
082 _aB92, K0-;1
100 _aSykes J B
245 0 _aOther side of the moon
260 _c1960
300 _ap.
_ccm.
650 _aAstronomy
942 _hB92, K0-;1
_cTEXL
_2CC
999 _c35419
_d35419